000 00533nam a22001817a 4500
003 BUBTL
008 190331b xxu||||| |||| 00| 0 eng d
020 _a978-984-92173-2-9
082 _a620.11 / AZT
100 _92250
_aAziz, M.A,
245 _aA Text Book of Engineering Materials /
_cM.A. Aziz
260 _aDhaka :
_bUniversity Campus,
_cc1973
300 _a390 p. :
_bill. ;
_c21.5 cm.
650 0 _92251
_aCivil Engineering
856 _k0
_l0
_yDownload
942 _2ddc
_cBK
999 _c5940
_d5940